[Event "Hessen-ch Seniors op 09th"]
[Site "Bad Sooden-Allendorf"]
[Date "2013.04.27"]
[Round "8"]
[White "Fister, Horst Lothar"]
[Black "Hegner, Peter"]
[Result "1/2-1/2"]
[WhiteElo "1629"]
[BlackElo "1802"]
[PlyCount "62"]
[EventDate "2013.04.20"]
[EventType "swiss"]
[EventRounds "9"]
[EventCountry "GER"]
[SourceTitle "EXT 2019"]
[Source "ChessBase"]
[SourceDate "2018.10.10"]
[SourceVersion "1"]
[SourceVersionDate "2018.10.10"]
[SourceQuality "1"]

1. Nf3 Nc6 2. d4 d5 3. e3 Nf6 4. h3 e6 5. Bb5 Bd7 6. a3 Bd6 7. c4 dxc4 8. Bxc4 0-0 9. 0-0 Na5 10. Bd3 b6 11. Bd2 Nc6 12. Nc3 Ne7 13. e4 c5 14. e5 cxd4 15. Ne2 Bxe5 16. Nxe5 Nc6 17. Nxd7 Qxd7 18. Rc1 Ne5 19. Bb4 Rfd8 20. Ng3 a5 21. Be1 Nxd3 22. Qxd3 e5 23. Bd2 h6 24. Rfe1 Re8 25. Re2 Qd5 26. Rce1 Nd7 27. Qe4 Qb5 28. Bc1 Nc5 29. Qg4 Re6 30. Rxe5 Rg6 31. Qf3 Rd8 1/2-1/2

[Event "Hessen-ch Seniors op 08th"]
[Site "Bad Sooden-Allendorf"]
[Date "2012.04.19"]
[Round "6"]
[White "Josting, Friedel"]
[Black "Hegner, Peter"]
[Result "1-0"]
[WhiteElo "1969"]
[BlackElo "1836"]
[PlyCount "53"]
[EventDate "2012.04.14"]
[EventType "swiss"]
[EventRounds "9"]
[EventCountry "GER"]
[SourceTitle "EXT 2019"]
[Source "ChessBase"]
[SourceDate "2018.10.10"]
[SourceVersion "1"]
[SourceVersionDate "2018.10.10"]
[SourceQuality "1"]

1. d4 d5 2. Bf4 Nf6 3. e3 e6 4. Nd2 c5 5. c3 Bd6 6. Bg5 h6 7. Bh4 Nbd7 8. Ngf3 b6 9. Bb5 a6 10. Ba4 b5 11. Bc2 Rb8 12. 0-0 g5 13. Bg3 Bxg3 14. hxg3 0-0 15. Ne5 Nxe5 16. dxe5 Nd7 17. f4 Kg7 18. Qg4 f5 19. exf6+ Nxf6 20. Qe2 g4 21. e4 dxe4 22. Nxe4 h5 23. Ng5 Qe8 24. Rae1 Rb6 25. Qe5 Rh8 26. f5 exf5 27. Qc7+ 1-0

[Event "Hessen-ch Seniors"]
[Site "Marburg"]
[Date "2006.04.11"]
[Round "5.8"]
[White "Weber, Siegfried1111"]
[Black "Hegner, Peter"]
[Result "1/2-1/2"]
[WhiteElo "1758"]
[BlackElo "1645"]
[PlyCount "91"]
[EventDate "2006.04.08"]
[EventType "swiss"]
[EventRounds "9"]
[EventCountry "GER"]
[SourceTitle "EXT 2007"]
[Source "ChessBase"]
[SourceDate "2006.11.23"]
[SourceVersion "1"]
[SourceVersionDate "2006.11.23"]
[SourceQuality "1"]

1. e4 e5 2. Nf3 Nc6 3. Bc4 Bc5 4. c3 Nf6 5. d4 exd4 6. cxd4 Bb4+ 7. Bd2 Bxd2+ 8. Nbxd2 d5 9. exd5 Nxd5 10. Qb3 Nce7 11. 0-0 0-0 12. Rfe1 c6 13. a4 Nb6 14. Bd3 h6 15. h3 Be6 16. Qd1 Qc7 17. Nb3 Rad8 18. Nc5 Bd5 19. Be4 Bxe4 20. Rxe4 Nf5 21. Qd3 Nd7 22. Qc3 Nb6 23. Rae1 Nd5 24. Qc2 Nd6 25. Re5 b6 26. Nb3 Qd7 27. Nbd2 Rde8 28. Rxe8 Rxe8 29. Rxe8+ Qxe8 30. Nc4 Nxc4 31. Qxc4 f6 32. Qc2 Qe6 33. Qc4 a5 34. Qa6 Kh7 35. Qb7 h5 36. Qa7 Kh6 37. Qb8 g5 38. Kh2 Kg6 39. Qf8 Qf7 40. Qc8 Qc7+ 41. Qxc7 Nxc7 42. g4 hxg4 43. hxg4 f5 44. Ne5+ Kf6 45. Nxc6 fxg4 46. Kg3 1/2-1/2

[Event "Hessen-ch Seniors"]
[Site "Offenbach"]
[Date "2005.03.30"]
[Round "4"]
[White "Braun, Horst"]
[Black "Hegner, Peter"]
[Result "1-0"]
[WhiteElo "2063"]
[BlackElo "1673"]
[PlyCount "59"]
[EventDate "2005.03.28"]
[EventType "swiss"]
[EventRounds "7"]
[EventCountry "GER"]
[SourceTitle "EXT 2006"]
[Source "ChessBase"]
[SourceDate "2005.11.24"]
[SourceVersion "1"]
[SourceVersionDate "2005.11.24"]
[SourceQuality "1"]

1. e4 e5 2. Nf3 Nc6 3. Bc4 Bc5 4. c3 Nf6 5. d4 exd4 6. cxd4 Bb4+ 7. Bd2 Bxd2+ 8. Nbxd2 d5 9. exd5 Nxd5 10. Qb3 Nce7 11. 0-0 0-0 12. Rfe1 a6 13. Rac1 b5 14. Bd3 Bf5 15. Bxf5 Nxf5 16. Rc5 Nfe7 17. a3 Rc8 18. Re5 c6 19. Qc2 Ng6 20. Re1 Qd7 21. Ne5 Nxe5 22. Rxe5 Rfe8 23. Nf3 f6 24. Rxe8+ Rxe8 25. Rxc6 Re6 26. Rxe6 Qxe6 27. Kf1 Kf7 28. h3 h6 29. Nh4 Nf4 30. Qc7+ 1-0

[Event "Hessen-ch Seniors"]
[Site "Offenbach"]
[Date "2005.03.29"]
[Round "3"]
[White "Hegner, Peter"]
[Black "Schmieder, Wolfgang Ernst"]
[Result "1-0"]
[WhiteElo "1673"]
[BlackElo "2022"]
[PlyCount "53"]
[EventDate "2005.03.28"]
[EventType "swiss"]
[EventRounds "7"]
[EventCountry "GER"]
[SourceTitle "EXT 2006"]
[Source "ChessBase"]
[SourceDate "2005.11.24"]
[SourceVersion "1"]
[SourceVersionDate "2005.11.24"]
[SourceQuality "1"]

1. e4 c5 2. Nf3 d6 3. d4 cxd4 4. Nxd4 Nf6 5. Nc3 a6 6. Be2 e5 7. Nb3 Be7 8. Be3 0-0 9. 0-0 b5 10. Bf3 Bb7 11. Qe2 Qc7 12. Rfd1 Nbd7 13. g4 Nc5 14. Nd5 Nxd5 15. exd5 f5 16. gxf5 Rxf5 17. Bg4 Nxb3 18. axb3 Rf6 19. Kh1 Raf8 20. c4 Bc8 21. Rg1 Bxg4 22. Rxg4 bxc4 23. bxc4 Qb7 24. Rag1 R6f7 25. Qc2 Kh8 26. R1g3 Rf3 27. Rxg7 1-0

[Event "Hessen-ch Seniors"]
[Site "Offenbach"]
[Date "2005.03.29"]
[Round "2"]
[White "Reichert, Rudolf"]
[Black "Hegner, Peter"]
[Result "0-1"]
[WhiteElo "1573"]
[BlackElo "1673"]
[PlyCount "86"]
[EventDate "2005.03.28"]
[EventType "swiss"]
[EventRounds "7"]
[EventCountry "GER"]
[SourceTitle "EXT 2006"]
[Source "ChessBase"]
[SourceDate "2005.11.24"]
[SourceVersion "1"]
[SourceVersionDate "2005.11.24"]
[SourceQuality "1"]

1. e4 e5 2. Nf3 Nc6 3. Nc3 Bc5 4. Na4 Be7 5. c4 Nf6 6. d3 d6 7. h3 Bd7 8. Nc3 0-0 9. Be3 h6 10. a3 Nh7 11. Be2 f5 12. g3 fxe4 13. dxe4 Ng5 14. Bxg5 Bxg5 15. h4 Be7 16. Qd5+ Kh8 17. 0-0-0 Bg4 18. Ng5 Bxg5+ 19. hxg5 Qxg5+ 20. f4 Qg6 21. f5 Qg5+ 22. Kb1 Bxe2 23. Nxe2 Qe3 24. Rh2 Qc5 25. Qe6 Rf6 26. Qd7 Qxc4 27. Nc3 Nd4 28. Rh4 Rf7 29. Qa4 Qxa4 30. Nxa4 Nf3 31. Rh5 Kg8 32. Nc3 Rd8 33. Rd3 Ng5 34. Rh4 c6 35. g4 Kf8 36. Rh1 Rfd7 37. f6 Kf7 38. fxg7 Kxg7 39. Ne2 Nxe4 40. Re3 d5 41. Reh3 Nf2 42. Rxh6 Nxh1 43. Rxh1 Rf7 0-1

[Event "Wuerttemberg-ch Seniors 15th"]
[Site "Ellwangen"]
[Date "2003.04.16"]
[Round "6"]
[White "Krueger, Bernhard"]
[Black "Hegner, Peter"]
[Result "1/2-1/2"]
[WhiteElo "1647"]
[BlackElo "1669"]
[PlyCount "103"]
[EventDate "2003.04.??"]
[EventType "swiss"]
[EventRounds "9"]
[EventCountry "GER"]
[SourceTitle "EXT 2006"]
[Source "ChessBase"]
[SourceDate "2005.11.24"]
[SourceVersion "1"]
[SourceVersionDate "2005.11.24"]
[SourceQuality "1"]

1. d4 d5 2. Nf3 Nf6 3. Nbd2 Bf5 4. e3 e6 5. Bd3 Ne4 6. 0-0 Be7 7. Qe2 0-0 8. Ne1 Nd7 9. f3 Nxd2 10. Bxd2 Bg6 11. e4 c5 12. c3 cxd4 13. cxd4 Rc8 14. Kh1 Nb6 15. b3 dxe4 16. fxe4 Qxd4 17. Nf3 Qd8 18. Rad1 Nd7 19. Bf4 Qb6 20. Bc4 Nf6 21. e5 Ne4 22. Rde1 Bc5 23. Be3 Rcd8 24. Bxc5 Qxc5 25. Qe3 Qxe3 26. Rxe3 Nd2 27. Nxd2 Rxd2 28. a4 Rfd8 29. h3 Rb2 30. Re2 Rxe2 31. Bxe2 Be4 32. Kg1 Bc2 33. Bc4 Rd1 34. Rxd1 Bxd1 35. Kf2 Kf8 36. Ke3 Ke7 37. Kd2 Bh5 38. g4 Bg6 39. Ke3 a6 40. a5 Kd7 41. b4 f6 42. Kf4 Bf7 43. h4 Kc6 44. Bd3 Bg6 45. Be2 Bc2 46. Bc4 Kd7 47. b5 axb5 48. Bxb5+ Ke7 49. a6 bxa6 50. Bxa6 Bb3 51. Bd3 h6 52. g5 1/2-1/2

[Event "Hessen-ch Seniors"]
[Site "Bruchkoebel"]
[Date "2002.03.27"]
[Round "6"]
[White "Hegner, Peter"]
[Black "Suchsland, Helmut"]
[Result "1-0"]
[WhiteElo "1664"]
[BlackElo "1780"]
[PlyCount "64"]
[EventDate "2002.03.22"]
[EventType "swiss"]
[EventRounds "9"]
[EventCountry "GER"]
[SourceTitle "EXT 2003"]
[Source "ChessBase"]
[SourceDate "2002.11.25"]
[SourceVersion "1"]
[SourceVersionDate "2002.11.25"]
[SourceQuality "1"]

1. e4 e5 2. Nf3 Nc6 3. Bc4 Nf6 4. Nc3 Bb4 5. d3 d5 6. exd5 Nxd5 7. Bd2 Nxc3 8. bxc3 Bd6 9. 0-0 h6 10. Re1 0-0 11. h3 Qf6 12. Nh2 Be6 13. Bxe6 Qxe6 14. Qf3 f5 15. Qe3 Rae8 16. Nf3 Qf6 17. Nh2 e4 18. dxe4 fxe4 19. Qe2 Qh4 20. Be3 h5 21. Rab1 Ne5 22. Rb5 c6 23. Rxb7 Nf3+ 24. Nxf3 exf3 25. Qf1 Re6 26. Bd4 Rg6 27. Qc4+ Kh7 28. Qd3 Kh6 29. Bxg7+ Rxg7 30. Qxd6+ Rf6 31. Qd2+ Rg5 32. Ree7 Rd6 1-0